000 00483nab a2200181 4500
001 244442
003 OSt
005 20250717073922.0
007 tu
008 200917s2020|||||||
040 _aDE-2950
_cDE-2950
245 0 0 _aMittleres Verkehrschaos in der Frankfurter Innenstadt
_cred
264 _c2024
653 _aFrankfurt (Oder)
653 _aGrenzkontrollen
773 0 _g36. Jahrgang (2025) Nr. 159 vom 11.07.2025, S. 13 mit Foto
_tMärkische Oderzeitung
942 _2z
_cA
999 _c373890
_d373890